000 01090cab a22002415a 4500
001 L149588
008 100323e20100313xxk 000 0 eng d
035 _a(Sirsi) u149588
041 0 _aeng
100 1 _aWard, Martin
245 0 2 _aA forensic study of an exception to the rule
260 _c2010
490 _aEstates Gazette
_v(1010) 13 March 2010, 110-111(2)
520 _aExamines the financial aspects of the determent rate in "Zuckerman v Trustees of Calthorpe Estates" [2009] UKUT 235 (LC) (L149182). Refers to real growth, deterioration, volatility risk, additional to premium and risk free rate. Compares "Zuckerman" approach with guidelines set down in "Sportelli".
590 _aKA
650 2 4 _aEARL CADOGAN V SPORTELLI
650 2 4 _aZUCKERMAN V TRUSTEES OF CALTHOPE ESTATE
650 2 4 _aCULLEY V DAEJAN PROPERTIES LTD
650 2 4 _aSERVICE CHARGES (CONSULTATION REQUIRMENTS) (ENGLAND) REGULATIONS 2003
651 4 _aENGLAND
690 _aRESIDENTIAL PROPERTY-RESIDENTIAL LANDLORD AND TENANT-RESIDENTIAL LEASES-RESIDENTIAL LEASEHOLD ENFRANCHISEMENT
942 _n0
999 _c82217
_d82217